[Event "Barcelona Sants op 20th"]
[Site "Barcelona"]
[Date "2018.08.17"]
[Round "1"]
[White "Diermair, Andreas"]
[Black "Cavalieri, Riccardo"]
[Result "1-0"]
[WhiteElo "2501"]
[BlackElo "2109"]
[PlyCount "51"]
[EventDate "2018.08.17"]
[EventType "swiss"]
[EventRounds "10"]
[EventCountry "ESP"]
[SourceTitle "CBM 186 Extra"]
[Source "ChessBase"]
[SourceDate "2018.08.24"]
[SourceVersion "1"]
[SourceVersionDate "2018.08.24"]
[SourceQuality "1"]

1. Nf3 Nf6 2. c4 g6 3. Nc3 d5 4. cxd5 Nxd5 5. g3 Bg7 6. Bg2 0-0 7. 0-0 c5 8. Qa4 Nb6 9. Qb5 Qc7 10. d3 Na6 11. Bf4 e5 12. Be3 Bd7 13. Qb3 Bc6 14. Nb5 Bxb5 15. Qxb5 Nd5 16. Bd2 Qd6 17. Rac1 Rac8 18. Ng5 Ndc7 19. Qc4 b6 20. Bb7 b5 21. Qh4 h6 22. Ne4 Qb6 23. Bxc8 Rxc8 24. Bxh6 Ne8 25. Bxg7 Kxg7 26. Qe7 1-0

[Event "Lignano Sabbiadoro op 3rd"]
[Site "Lignano Sabbiadoro"]
[Date "2017.08.04"]
[Round "7"]
[White "Zuttioni, Federico"]
[Black "Cavalieri, Riccardo"]
[Result "1/2-1/2"]
[WhiteElo "2177"]
[BlackElo "2061"]
[PlyCount "76"]
[EventDate "2017.07.30"]
[EventType "swiss"]
[EventRounds "9"]
[EventCountry "ITA"]
[SourceTitle "CBM 179 Extra"]
[Source "ChessBase"]
[SourceDate "2017.08.23"]
[SourceVersion "1"]
[SourceVersionDate "2017.08.23"]
[SourceQuality "1"]

1. e4 c5 2. Nf3 e6 3. g3 Nc6 4. Bg2 Nf6 5. Nc3 d5 6. exd5 Nxd5 7. 0-0 Nf6 8. Re1 Be7 9. d3 0-0 10. Bf4 a6 11. Qd2 Ra7 12. Ne5 Nxe5 13. Bxe5 Bd6 14. Rad1 Bxe5 15. Rxe5 b6 16. a4 Bb7 17. Bxb7 Rxb7 18. Rde1 Qd6 19. Qf4 Nd7 20. Qf3 Nxe5 21. Qxb7 Qc6 22. Qxc6 Nxc6 23. Kf1 Nd4 24. Rc1 Rd8 25. Ne2 e5 26. Nxd4 Rxd4 27. b3 f6 28. Ke2 Kf7 29. c3 Rd7 30. Ke3 Ke6 31. Rb1 Kd5 32. Rd1 Kc6 33. Ke4 g6 34. h4 h5 35. f3 Rh7 36. Rb1 Rd7 37. Rd1 Rh7 38. Rb1 Rd7 1/2-1/2

[Event "Bergamo op 16th"]
[Site "Bergamo"]
[Date "2017.07.14"]
[Round "1"]
[White "Cavalieri, Riccardo"]
[Black "Godena, Michele"]
[Result "0-1"]
[WhiteElo "2061"]
[BlackElo "2511"]
[PlyCount "64"]
[EventDate "2017.07.14"]
[EventType "swiss"]
[EventRounds "9"]
[EventCountry "ITA"]
[SourceTitle "EXT 2018"]
[Source "ChessBase"]
[SourceDate "2017.10.13"]
[SourceVersion "1"]
[SourceVersionDate "2017.10.13"]
[SourceQuality "1"]

1. e4 e5 2. Nf3 Nc6 3. Bc4 Bc5 4. c3 Nf6 5. b4 Be7 6. d3 d5 7. exd5 Nxd5 8. 0-0 0-0 9. b5 Na5 10. Bxd5 Qxd5 11. c4 Qd7 12. Bd2 e4 13. Bxa5 exf3 14. Qxf3 a6 15. Bc3 axb5 16. Qg3 f6 17. cxb5 Bd6 18. Qh4 Qxb5 19. Qc4+ Qxc4 20. dxc4 Be6 21. Nd2 Ra4 22. Rfb1 b6 23. c5 Bxc5 24. Nb3 Bd6 25. Re1 Kf7 26. Nd4 Bd7 27. Nb3 Rfa8 28. Re2 Be6 29. Rae1 Bc4 30. Re4 Bxb3 31. axb3 Rxe4 32. Rxe4 Ra3 0-1

[Event "Mare di Fano op 5th"]
[Site "Fano"]
[Date "2016.08.05"]
[Round "8"]
[White "Paler, Adrian"]
[Black "Cavalieri, Riccardo"]
[Result "1-0"]
[WhiteElo "2066"]
[BlackElo "1937"]
[PlyCount "79"]
[EventDate "2016.07.30"]
[EventType "swiss"]
[EventRounds "9"]
[EventCountry "ITA"]
[SourceTitle "CBM 173 Extra"]
[Source "ChessBase"]
[SourceDate "2016.08.29"]
[SourceVersion "1"]
[SourceVersionDate "2016.08.29"]
[SourceQuality "1"]

1. e4 c5 2. Nf3 e6 3. b3 Nc6 4. Bb2 b6 5. g3 Bb7 6. Bg2 Nf6 7. e5 Ng4 8. h3 Nh6 9. 0-0 d5 10. exd6 Nf5 11. Na3 Nxd6 12. Qe2 Qc7 13. Rfd1 0-0-0 14. c3 Kb8 15. d4 cxd4 16. cxd4 Nb4 17. Rac1 Qe7 18. Nc4 Nd5 19. Ba3 Qf6 20. Nce5 h5 21. h4 Nf5 22. Bxf8 Rhxf8 23. Nc6+ Bxc6 24. Rxc6 Nfe7 25. Rc4 Qf5 26. Kh2 Nf6 27. Ne5 Ng4+ 28. Nxg4 hxg4 29. Kg1 Nd5 30. a4 Rc8 31. Rdc1 Nf6 32. Rxc8+ Rxc8 33. Rxc8+ Kxc8 34. Qa6+ Kd8 35. Qxa7 Qb1+ 36. Kh2 Qxb3 37. Bc6 Kc8 38. Qb7+ Kd8 39. Qb8+ Ke7 40. Qc7+ 1-0

[Event "Mare di Fano op 5th"]
[Site "Fano"]
[Date "2016.08.03"]
[Round "6"]
[White "Tamin, Upi Darmayana"]
[Black "Cavalieri, Riccardo"]
[Result "1/2-1/2"]
[WhiteElo "2033"]
[BlackElo "1937"]
[PlyCount "74"]
[EventDate "2016.07.30"]
[EventType "swiss"]
[EventRounds "9"]
[EventCountry "ITA"]
[SourceTitle "CBM 173 Extra"]
[Source "ChessBase"]
[SourceDate "2016.08.29"]
[SourceVersion "1"]
[SourceVersionDate "2016.08.29"]
[SourceQuality "1"]

1. e4 c5 2. Nf3 e6 3. d4 cxd4 4. Nxd4 Nc6 5. Nc3 Qc7 6. Be2 a6 7. 0-0 Nf6 8. a3 Nxd4 9. Qxd4 Bd6 10. h3 Be5 11. Qd3 Bxc3 12. bxc3 d5 13. exd5 Nxd5 14. c4 Nf4 15. Qe4 Nxe2+ 16. Qxe2 Bd7 17. Rd1 0-0 18. Rd4 e5 19. Rh4 Bf5 20. Rh5 g6 21. Rh4 f6 22. f4 Rfe8 23. Qf2 Qxc4 24. fxe5 Qc3 25. Rb1 Qxe5 26. Bb2 Qe3 27. Bxf6 Qxf2+ 28. Kxf2 b5 29. g4 Bxc2 30. Rc1 Rac8 31. g5 Rc5 32. Rd4 Rf5+ 33. Kg1 Bb3 34. Rd7 Bf7 35. Rcc7 Re1+ 36. Kh2 Re2+ 37. Kg1 Re1+ 1/2-1/2

[Event "Mare di Fano op 5th"]
[Site "Fano"]
[Date "2016.08.01"]
[Round "3"]
[White "Cavalieri, Riccardo"]
[Black "Lavorgna, Francesco"]
[Result "1/2-1/2"]
[WhiteElo "1937"]
[BlackElo "1887"]
[PlyCount "65"]
[EventDate "2016.07.30"]
[EventType "swiss"]
[EventRounds "9"]
[EventCountry "ITA"]
[SourceTitle "CBM 173 Extra"]
[Source "ChessBase"]
[SourceDate "2016.08.29"]
[SourceVersion "1"]
[SourceVersionDate "2016.08.29"]
[SourceQuality "1"]

1. e4 c6 2. d4 d5 3. Nc3 dxe4 4. Nxe4 Bf5 5. Ng3 Bg6 6. h4 h6 7. Nf3 Nd7 8. h5 Bh7 9. Bd3 Bxd3 10. Qxd3 Ngf6 11. Bd2 Qc7 12. 0-0-0 e6 13. Ne4 Nxe4 14. Qxe4 Nf6 15. Qe2 Bd6 16. g3 0-0-0 17. Kb1 Rhe8 18. c4 e5 19. dxe5 Bxe5 20. Nxe5 Qxe5 21. Be3 Qf5+ 22. Qc2 Qxc2+ 23. Kxc2 b6 24. Rh4 Rxd1 25. Kxd1 Re5 26. Bd4 Re6 27. Bxf6 Rxf6 28. Ke2 Kd7 29. Rd4+ Rd6 30. Rg4 g6 31. Rf4 Ke7 32. hxg6 fxg6 33. b3 1/2-1/2

[Event "Mare di Fano op 5th"]
[Site "Fano"]
[Date "2016.07.30"]
[Round "1"]
[White "Cavalieri, Riccardo"]
[Black "Csonka, Attila Istvan"]
[Result "0-1"]
[WhiteElo "1937"]
[BlackElo "2316"]
[PlyCount "54"]
[EventDate "2016.07.30"]
[EventType "swiss"]
[EventRounds "9"]
[EventCountry "ITA"]
[SourceTitle "CBM 173 Extra"]
[Source "ChessBase"]
[SourceDate "2016.08.29"]
[SourceVersion "1"]
[SourceVersionDate "2016.08.29"]
[SourceQuality "1"]

1. e4 c5 2. Nf3 e6 3. c4 Nc6 4. Nc3 a6 5. d4 cxd4 6. Nxd4 Qc7 7. Be2 Nf6 8. Be3 Ne5 9. f3 Nxc4 10. Bxc4 Qxc4 11. Rc1 Qb4 12. 0-0 d5 13. exd5 Nxd5 14. Nxd5 exd5 15. Re1 Be7 16. Nf5 Be6 17. Rc7 0-0 18. Nxe7+ Kh8 19. Bc5 Qa5 20. Nxd5 Rfd8 21. Rxe6 fxe6 22. Bd4 Rxd5 23. Bxg7+ Kg8 24. Qc1 Rad8 25. Qc3 Qb6+ 26. Kf1 Rd1+ 27. Ke2 R8d2+ 0-1

[Event "Milan SSM op-B 08"]
[Site "Milan"]
[Date "2015.08.05"]
[Round "7"]
[White "Colonetti, Fabio"]
[Black "Cavalieri, Riccardo"]
[Result "1-0"]
[WhiteElo "1642"]
[BlackElo "1744"]
[PlyCount "57"]
[EventDate "2015.07.31"]
[EventType "swiss"]
[EventRounds "7"]
[EventCountry "ITA"]
[SourceTitle "EXT 2022"]
[Source "ChessBase"]
[SourceDate "2021.10.06"]
[SourceVersion "1"]
[SourceVersionDate "2021.10.06"]
[SourceQuality "1"]

1. e4 c5 2. Nf3 e6 3. d4 cxd4 4. Nxd4 Nc6 5. Nc3 a6 6. Be3 Qc7 7. Bd3 Nf6 8. 0-0 Be7 9. Kh1 0-0 10. a4 b6 11. f4 Bb7 12. e5 Nxd4 13. Bxd4 Nd5 14. Nxd5 Bxd5 15. Qh5 g6 16. Qe2 Qb7 17. Qg4 Rab8 18. Rae1 b5 19. axb5 axb5 20. Re3 Qc7 21. b3 b4 22. Rg3 Qd8 23. Qh3 Kg7 24. Bb2 Re8 25. Rg4 Rf8 26. Bc1 Re8 27. Rg3 Rb7 28. f5 exf5 29. Qh6+ 1-0

[Event "Milan SSM op-B 08"]
[Site "Milan"]
[Date "2015.08.03"]
[Round "5"]
[White "Cavalieri, Riccardo"]
[Black "Aloe, Giancarlo"]
[Result "1/2-1/2"]
[WhiteElo "1744"]
[BlackElo "1711"]
[PlyCount "106"]
[EventDate "2015.07.31"]
[EventType "swiss"]
[EventRounds "7"]
[EventCountry "ITA"]
[SourceTitle "EXT 2022"]
[Source "ChessBase"]
[SourceDate "2021.10.06"]
[SourceVersion "1"]
[SourceVersionDate "2021.10.06"]
[SourceQuality "1"]

1. e4 c5 2. Nf3 e6 3. d4 cxd4 4. Nxd4 Nc6 5. Nc3 a6 6. Be2 Nf6 7. 0-0 Bc5 8. Be3 Nxd4 9. Bxd4 b6 10. Bxc5 bxc5 11. e5 Ng8 12. Ne4 Qc7 13. Qd6 Qxd6 14. Nxd6+ Ke7 15. Ne4 Rb8 16. b3 Nh6 17. Nxc5 a5 18. Rad1 Nf5 19. Bd3 Nd4 20. a4 h5 21. Rfe1 g5 22. Ne4 g4 23. Nd6 h4 24. Be4 Nc6 25. Bxc6 dxc6 26. Nxc8+ Rbxc8 27. Re4 Rcd8 28. Red4 Rd5 29. Rxd5 exd5 30. f4 gxf3 31. gxf3 h3 32. Kf2 Rg8 33. Ke3 Ke6 34. f4 c5 35. Kf3 Rg2 36. Rc1 Kf5 37. Rd1 Rxh2 38. Rxd5 Rxc2 39. Rd3 h2 40. Rd1 Rc3+ 41. Kg2 Rxb3 42. Rd7 Rb2+ 43. Kh1 Kxf4 44. Rxf7+ Kxe5 45. Ra7 Kf4 46. Rf7+ Ke3 47. Rf3+ Ke4 48. Re3+ Kd4 49. Rd3+ Kc4 50. Rc3+ Kb4 51. Rc4+ Ka3 52. Rxc5 Kxa4 53. Rxa5+ Kxa5 1/2-1/2

[Event "Milan SSM op-B 08"]
[Site "Milan"]
[Date "2015.08.02"]
[Round "3"]
[White "Manzotti, Francesco"]
[Black "Cavalieri, Riccardo"]
[Result "1/2-1/2"]
[WhiteElo "1774"]
[BlackElo "1744"]
[PlyCount "79"]
[EventDate "2015.07.31"]
[EventType "swiss"]
[EventRounds "7"]
[EventCountry "ITA"]
[SourceTitle "EXT 2022"]
[Source "ChessBase"]
[SourceDate "2021.10.06"]
[SourceVersion "1"]
[SourceVersionDate "2021.10.06"]
[SourceQuality "1"]

1. c4 Nf6 2. g3 c6 3. Bg2 d5 4. Nf3 g6 5. 0-0 Bg7 6. Na3 0-0 7. Rb1 a5 8. b3 Na6 9. Nc2 Nb4 10. a3 Nxc2 11. Qxc2 Bf5 12. d3 d4 13. b4 axb4 14. axb4 Ne8 15. Bf4 f6 16. Bd2 e5 17. Qb3 Nc7 18. Ne1 Be6 19. Nc2 Qd7 20. Rfe1 Rfd8 21. Qb2 Ra7 22. Ra1 Rda8 23. Rxa7 Rxa7 24. Ra1 Rxa1+ 25. Qxa1 b5 26. Na3 Bf8 27. f4 Bh6 28. Qc1 Na6 29. cxb5 cxb5 30. Qc6 Qxc6 31. Bxc6 Bf8 32. Nxb5 Nxb4 33. Bxb4 Bxb4 34. fxe5 fxe5 35. Nc7 Bb3 36. Bd5+ Bxd5 37. Nxd5 Bd2 38. Kf2 Kf7 39. Kf3 Ba5 40. g4 1/2-1/2

[Event "Milan SSM op-B 08"]
[Site "Milan"]
[Date "2015.08.02"]
[Round "4"]
[White "Pollio, Ciro"]
[Black "Cavalieri, Riccardo"]
[Result "1/2-1/2"]
[WhiteElo "1769"]
[BlackElo "1744"]
[PlyCount "98"]
[EventDate "2015.07.31"]
[EventType "swiss"]
[EventRounds "7"]
[EventCountry "ITA"]
[SourceTitle "EXT 2022"]
[Source "ChessBase"]
[SourceDate "2021.10.06"]
[SourceVersion "1"]
[SourceVersionDate "2021.10.06"]
[SourceQuality "1"]

1. d4 Nf6 2. c4 g6 3. Nc3 d5 4. Nf3 Bg7 5. Bf4 0-0 6. Rc1 c5 7. dxc5 Qa5 8. cxd5 Ne4 9. Be5 Bxe5 10. Nxe5 Nxc5 11. Nc4 Qc7 12. e4 Rd8 13. Nb5 Qf4 14. f3 Nxe4 15. fxe4 Qh4+ 16. g3 Qxe4+ 17. Qe2 Qxh1 18. Nc7 Bh3 19. Ne3 Rc8 20. Kd2 Rxc7 21. Rxc7 Bxf1 22. Rc8+ Kg7 23. Qxf1 Qxh2+ 24. Qg2 Qxg2+ 25. Nxg2 Kf6 26. Nf4 Ke5 27. Rd8 Ke4 28. Ke2 Ke5 29. Ke3 Kf5 30. Nd3 h5 31. Nc5 Ke5 32. Nxb7 a5 33. Nc5 g5 34. Nd7+ Nxd7 35. Rxa8 Nb6 36. Ra7 Nxd5+ 37. Kf3 f6 38. Rxa5 Kd6 39. a3 Kc6 40. Ke4 Nc7 41. Kf5 Nb5 42. Ra4 Nd6+ 43. Kg6 h4 44. gxh4 gxh4 45. Rxh4 Kc5 46. Rb4 e5 47. Kxf6 e4 48. Rxe4 Nxe4+ 49. Ke5 Nd2 1/2-1/2

[Event "Milan SSM op-B 08"]
[Site "Milan"]
[Date "2015.07.31"]
[Round "1"]
[White "Vece, Luigi"]
[Black "Cavalieri, Riccardo"]
[Result "0-1"]
[WhiteElo "1565"]
[BlackElo "1744"]
[PlyCount "90"]
[EventDate "2015.07.31"]
[EventType "swiss"]
[EventRounds "7"]
[EventCountry "ITA"]
[SourceTitle "EXT 2022"]
[Source "ChessBase"]
[SourceDate "2021.10.06"]
[SourceVersion "1"]
[SourceVersionDate "2021.10.06"]
[SourceQuality "1"]

1. e4 c5 2. Nf3 e6 3. d4 cxd4 4. Nxd4 a6 5. c4 Nf6 6. Bd3 Nc6 7. Be3 Bb4+ 8. Kf1 Qc7 9. a3 Bd6 10. h3 b6 11. Nc3 Nxd4 12. Bxd4 Bc5 13. Bxf6 gxf6 14. Qg4 Bb7 15. g3 Ke7 16. Qh4 Qe5 17. Ke2 Rac8 18. Na4 h5 19. Rab1 Bd4 20. f4 Qa5 21. b3 b5 22. e5 Rh6 23. Rhf1 bxa4 24. bxa4 Bg2 25. Rfc1 Qc5 26. g4 Rg8 27. exf6+ Bxf6 28. g5 Bxg5 29. fxg5 Qxg5 30. Qd4 Bxh3 31. Rg1 Bg4+ 32. Ke1 Qa5+ 33. Rb4 Rb8 34. c5 Rxb4 35. Qd6+ Ke8 36. axb4 Qxb4+ 37. Kf2 Rf6+ 38. Kg3 Rf3+ 39. Kh2 Qd2+ 40. Rg2 Rh3+ 41. Kg1 Qe3+ 42. Rf2 Rg3+ 43. Kh1 Bf3+ 44. Rxf3 Qxf3+ 45. Kh2 Qg2# 0-1

[Event "Monza e Brianza Province-ch"]
[Site "Ceriano Laghetto"]
[Date "2015.02.24"]
[Round "6"]
[White "Origgio, Stefano"]
[Black "Cavalieri, Riccardo"]
[Result "0-1"]
[WhiteElo "1693"]
[BlackElo "1652"]
[PlyCount "98"]
[EventDate "2015.01.20"]
[EventType "swiss"]
[EventRounds "6"]
[EventCountry "ITA"]
[SourceTitle "EXT 2017"]
[Source "ChessBase"]
[SourceDate "2016.10.25"]
[SourceVersion "1"]
[SourceVersionDate "2016.10.25"]
[SourceQuality "1"]

1. Nf3 Nf6 2. c4 g6 3. Nc3 d5 4. d4 Bg7 5. cxd5 Nxd5 6. Qa4+ Nc6 7. e3 0-0 8. Bd2 Nb6 9. Qb5 a6 10. Qg5 e5 11. dxe5 Nxe5 12. Qxd8 Rxd8 13. Nxe5 Bxe5 14. f4 Bg7 15. 0-0-0 Be6 16. Kb1 Bxc3 17. bxc3 Bg4 18. Kc2 Bxd1+ 19. Kxd1 Rd7 20. Kc2 Rad8 21. Be1 Nd5 22. Bf2 Nxf4 23. Bh4 Nd5 24. Bxd8 Nxe3+ 25. Kb3 Nxf1 26. Bf6 Nd2+ 27. Kb4 Ne4 28. Bd4 c5+ 29. Bxc5 Nxc5 30. Kxc5 Rd2 31. g3 Rxa2 32. c4 Rc2 33. h3 f5 34. Rg1 Kf7 35. h4 h6 36. Rb1 b5 37. Rb3 Rxc4+ 38. Kb6 Ra4 39. Rc3 b4 40. Rc7+ Ke6 41. Rc6+ Kd5 42. Rxg6 b3 43. Kc7 Rb4 44. Rd6+ Ke4 45. Re6+ Kf3 46. Re1 b2 47. Rb1 a5 48. Kc6 a4 49. Kc5 Rb8 0-1

[Event "Milan Befana op-B"]
[Site "Milan"]
[Date "2014.01.04"]
[Round "3"]
[White "Pollio, Ciro"]
[Black "Cavalieri, Riccardo"]
[Result "1-0"]
[WhiteElo "1761"]
[BlackElo "1576"]
[PlyCount "71"]
[EventDate "2014.01.02"]
[EventType "swiss"]
[EventRounds "7"]
[EventCountry "ITA"]
[SourceTitle "EXT 2015"]
[Source "ChessBase"]
[SourceDate "2014.11.20"]
[SourceVersion "1"]
[SourceVersionDate "2014.11.20"]
[SourceQuality "1"]

1. d4 Nf6 2. c4 g6 3. Nc3 d5 4. Bf4 Bg7 5. e3 0-0 6. Nf3 c5 7. dxc5 Na6 8. cxd5 Nxc5 9. Be5 Ncd7 10. Bd4 Qa5 11. Qb3 Ne4 12. Bxg7 Kxg7 13. Bd3 Ndc5 14. Qb5 Nxd3+ 15. Qxd3 Nxc3 16. Qxc3+ Qxc3+ 17. bxc3 Rd8 18. c4 b6 19. e4 Ba6 20. Ne5 Rac8 21. Nc6 Rd7 22. Rc1 Rdc7 23. Kd2 Ra8 24. Rc3 Bb7 25. Nd4 Rac8 26. Rhc1 Ba6 27. Kd3 Kf6 28. f4 e5 29. fxe5+ Kxe5 30. Nc6+ Kd6 31. Ra3 Bb7 32. Nxa7 Ra8 33. Nb5+ Kd7 34. Rxa8 Bxa8 35. Nxc7 Kxc7 36. Rf1 1-0

[Event "Monza e Brianza Province-ch"]
[Site "Barlassina"]
[Date "2013.02.??"]
[Round "?"]
[White "Cavalieri, Riccardo"]
[Black "Monticelli, Francesco"]
[Result "0-1"]
[WhiteElo "1694"]
[BlackElo "1738"]
[PlyCount "60"]
[EventDate "2013.02.01"]
[EventType "swiss"]
[EventRounds "5"]
[EventCountry "ITA"]
[SourceTitle "EXT 2014"]
[Source "ChessBase"]
[SourceDate "2013.11.20"]
[SourceVersion "1"]
[SourceVersionDate "2013.11.20"]
[SourceQuality "1"]

1. e4 c6 2. d4 d5 3. Nc3 dxe4 4. Nxe4 Bf5 5. Ng3 Bg6 6. Nf3 Nd7 7. Bd3 Bxd3 8. Qxd3 e6 9. 0-0 Ngf6 10. Re1 Bd6 11. Ne5 Qc7 12. Nxd7 Nxd7 13. c4 Bxg3 14. Qxg3 Qxg3 15. hxg3 0-0-0 16. Be3 h5 17. b4 a6 18. Bf4 Nb6 19. c5 Nd5 20. Bd6 Nxb4 21. Re2 Nd5 22. Rb2 h4 23. Rb3 hxg3 24. Rxg3 Rh7 25. Rh3 Rxh3 26. gxh3 Rh8 27. Kg2 Rh4 28. Rd1 Nc3 29. Rd2 Ne4 30. Rd3 Nxd6 0-1

[Event "Monza e Brianza Province-ch"]
[Site "Barlassina"]
[Date "2013.02.??"]
[Round "?"]
[White "Corso, Gabriele"]
[Black "Cavalieri, Riccardo"]
[Result "1-0"]
[WhiteElo "1792"]
[BlackElo "1694"]
[PlyCount "79"]
[EventDate "2013.02.01"]
[EventType "swiss"]
[EventRounds "5"]
[EventCountry "ITA"]
[SourceTitle "EXT 2014"]
[Source "ChessBase"]
[SourceDate "2013.11.20"]
[SourceVersion "1"]
[SourceVersionDate "2013.11.20"]
[SourceQuality "1"]

1. e4 c5 2. Nf3 d6 3. Bb5+ Bd7 4. Bxd7+ Qxd7 5. 0-0 e5 6. c3 Nf6 7. Re1 Be7 8. d4 cxd4 9. cxd4 exd4 10. Nxd4 0-0 11. Bf4 d5 12. Nf5 Bc5 13. Nc3 Bb4 14. Bxb8 Raxb8 15. Nxd5 Nxd5 16. Qg4 Qxf5 17. Qxf5 Bxe1 18. Rxe1 Nb4 19. a3 Nd3 20. Re2 Rbd8 21. g3 g6 22. Qb5 b6 23. Rd2 Nc5 24. Rxd8 Rxd8 25. Qc4 Rd1+ 26. Kg2 Rd2 27. b4 Ne6 28. Kf3 Ng5+ 29. Ke3 Rd8 30. Qc7 Re8 31. f3 f5 32. Qd7 Re5 33. Qd8+ Kf7 34. Qxg5 a5 35. Qf4 Kf6 36. Kd4 Re7 37. Qd6+ Re6 38. Qc7 fxe4 39. fxe4 axb4 40. e5+ 1-0